| 000 | 01252nam a2200217Ia 4500 | ||
|---|---|---|---|
| 003 | Ost | ||
| 005 | 20260416102357.0 | ||
| 008 | 260416s9999||||xx |||||||||||||| ||und|| | ||
| 040 | _cfsecg | ||
| 041 | _aara | ||
| 082 | _a338.5 | ||
| 100 |
_aبوالفول، هارون _eمؤلف |
||
| 245 | 0 |
_a محاضرات في الإقتصاد الجزئي 1 : _bمدعمة بتمارين تطبيقية : موجهة لطلبة السنة الأولى جذع مشترك / _c هارون بوالفول |
|
| 260 |
_aالجزائر _bجامعة الجزائر3: كلية العلوم الإقتصادية، العلوم التجارية وعلوم التسيير _c2021 |
||
| 300 |
_a185 ورقة _bايضاحات _c30 سم |
||
| 504 | _aمراجع ص.184 | ||
| 520 | _aنظرية عامة في الاقتصاد و المشكلة الاقتصادية، نظرية الطلب و العرض، قياس المرونات، توازن السوق و تطبيقاته،نظرية سلوك المستهلك، نظرية سلوك المنتج | ||
| 653 | _aالاقتصاد الجزئي | ||
| 710 |
_aجامعة الجزائر3: كلية العلوم الإقتصادية، العلوم التجارية وعلوم التسيير _eناشر علمي |
||
| 942 | _cHANDOUT | ||
| 999 |
_c41256 _d41256 |
||